Analysing urban decentralization. The case of Houston.

Analýza decentralizácie houstonského regiónu podľa ukazovateľov hustoty obyvateľstva. Posudzovanie skutočnej veľkosti pozemku využívaného na účely bývania v rôznych lokalitách. Analyzovanie hustoty obyvateľstva, posudzovanie veľkosti ich jednotlivých domov a vzdialenosti od centra mesta.

Salvato in:
Dettagli Bibliografici
Autore principale: Mieszkowski, P.
Natura: Capitolo di libro
Lingua:inglese
Soggetti:
Tags: Aggiungi Tag
Nessun Tag, puoi essere il primo ad aggiungerne!!

MARC

LEADER 00000naa a2200000 4500
001 r007405
005 20221130103840.0
041 0 |a eng 
044 |a NL 
245 1 0 |a Analysing urban decentralization. The case of Houston.  |c P. Mieszkowski 
520 |a Analýza decentralizácie houstonského regiónu podľa ukazovateľov hustoty obyvateľstva. Posudzovanie skutočnej veľkosti pozemku využívaného na účely bývania v rôznych lokalitách. Analyzovanie hustoty obyvateľstva, posudzovanie veľkosti ich jednotlivých domov a vzdialenosti od centra mesta. 
610 2 0 |a mestá 
610 2 0 |a urbanizácia 
610 2 0 |a decentralizácia 
610 2 0 |a USA 
610 2 0 |a regionalizácia 
610 2 0 |a obyvateľstvo 
610 2 0 |a bývanie 
100 1 |a Mieszkowski, P.